| 000 | 00418nam a22001457a 4500 | ||
|---|---|---|---|
| 005 | 20170803112931.0 | ||
| 008 | 170803b xxu||||| |||| 00| 0 eng d | ||
| 040 | _cPK-LaUMT | ||
| 082 |
_aZIAC 297.082 _bFAR-I |
||
| 100 | _aFarooq , Muhammad | ||
| 245 |
_aIslam and woman/ _cMuhammad Farooq and Rizwana Farooq |
||
| 260 |
_aIslamabad: _bOrganization for research and education, _c2005 |
||
| 300 | _a220 p. | ||
| 942 | _cBK | ||
| 999 |
_c96335 _d96335 |
||